Rowing faster
Shranjeno v:
| Drugi avtorji: | |
|---|---|
| Format: | Knjiga |
| Jezik: | angleščina |
| Izdano: |
Champaign
Human Kinetics
2005
|
| Izdaja: | 1a. ed |
| Teme: | |
| Oznake: |
Označite
Brez oznak, prvi označite!
|
MARC
| LEADER | 00000nam a2200000 a 4500 | ||
|---|---|---|---|
| 001 | UCH9188 | ||
| 003 | CL-VaPUC | ||
| 008 | 091224e20050000US |||||||||||||||||eng|d | ||
| 020 | |a 0736044655 | ||
| 082 | 0 | 4 | |a 797.123 |b NOL |2 21 |
| 100 | |a Nolte, Volker |e editor |9 546150 | ||
| 245 | 1 | 0 | |a Rowing faster |
| 250 | |a 1a. ed | ||
| 300 | |a 294 p | ||
| 942 | |c BK | ||
| 945 | |d 20091224 00:00:00 |a cmena | ||
| 260 | |a Champaign |b Human Kinetics |c 2005 | ||
| 650 | 7 | |a REMO |2 CL-VaPUC |9 537214 | |
| 650 | 7 | |a DEPORTES ACUATICOS |2 CL-VaPUC |9 262007 | |
| 650 | 0 | |a Atletas |9 311809 | |
| 650 | 7 | |a FISIOLOGIA DEPORTIVA |2 CL-VaPUC |9 485014 | |
| 650 | 0 | |a Planificación estratégica |9 259735 | |
| 650 | 7 | |a ENTRENAMIENTO ATLETICO |2 CL-VaPUC |9 546151 | |
| 583 | |a last modification |c 20091224 00:00:00 |k Rodrigo Vera | ||
| 999 | |c 339249 |d 339247 | ||
| 952 | |0 0 |1 0 |4 0 |6 797_123000000000000_NOL_2005 |7 0 |8 C |9 432780 |a BIBCUR |b BIBCUR |d 2019-11-22 |i 4581970 |l 1 |o 797.123 NOL 2005 |p 4581970 |r 2025-04-22 |s 2023-10-03 |w 2019-11-22 |y BK |k DEN | ||